[Event "TUR-ch U13-U18 Girls"]
[Site "Antalya"]
[Date "2020.01.24"]
[Round "9"]
[White "Yilmaz, Duygu Sila"]
[Black "Hereklioglu, Sude"]
[Result "1/2-1/2"]
[WhiteElo "1405"]
[BlackElo "1984"]
[PlyCount "69"]
[EventDate "2020.01.19"]
[EventType "swiss"]
[EventRounds "11"]
[EventCountry "TUR"]
[SourceTitle "CBM 195 Extra"]
[Source "ChessBase"]
[SourceDate "2020.05.31"]
[SourceVersion "1"]
[SourceVersionDate "2020.05.31"]
[SourceQuality "1"]

1. e4 g6 2. d4 Bg7 3. Nc3 d6 4. Be3 a6 5. Qd2 Nd7 6. f3 b5 7. a3 Bb7 8. Bd3 Rc8 9. h4 c5 10. d5 Qa5 11. Nd1 Qxd2+ 12. Bxd2 c4 13. Be2 Nc5 14. Nc3 f5 15. h5 Nf6 16. h6 Bf8 17. Bg5 fxe4 18. Bxf6 exf6 19. fxe4 Be7 20. Bg4 Rb8 21. Nge2 Nxe4 22. Nxe4 f5 23. Nxd6+ Bxd6 24. Bf3 Be5 25. c3 Rd8 26. Rd1 Rd6 27. Kf2 Ke7 28. Nd4 Bxd4+ 29. Rxd4 Rhd8 30. Rhd1 g5 31. Re1+ Kf6 32. g4 fxg4 33. Bxg4 Bxd5 34. Red1 Ke7 35. Re1+ 1/2-1/2

[Event "TUR-ch U13-U18 Girls"]
[Site "Antalya"]
[Date "2020.01.20"]
[Round "2"]
[White "Yilmaz, Duygu Sila"]
[Black "Kocyigit, Buse Naz"]
[Result "0-1"]
[WhiteElo "1405"]
[BlackElo "2000"]
[PlyCount "78"]
[EventDate "2020.01.19"]
[EventType "swiss"]
[EventRounds "11"]
[EventCountry "TUR"]
[SourceTitle "CBM 195 Extra"]
[Source "ChessBase"]
[SourceDate "2020.05.31"]
[SourceVersion "1"]
[SourceVersionDate "2020.05.31"]
[SourceQuality "1"]

1. e4 c5 2. Nf3 d6 3. d4 cxd4 4. Nxd4 Nf6 5. Nc3 g6 6. Be3 Bg7 7. f3 0-0 8. Qd2 Nc6 9. Bc4 Bd7 10. 0-0 a6 11. Bb3 Rc8 12. Rad1 Na5 13. Bh6 Nc4 14. Bxc4 Rxc4 15. Bxg7 Kxg7 16. Kh1 Qc7 17. Nd5 Nxd5 18. exd5 e5 19. dxe6 fxe6 20. c3 e5 21. Ne2 Rc6 22. f4 Be6 23. b3 Bg4 24. fxe5 Rxf1+ 25. Rxf1 dxe5 26. c4 b5 27. Qb4 Rf6 28. Rxf6 Kxf6 29. Nc3 Kg7 30. c5 Qd7 31. Qe4 Qd4 32. Qxd4 exd4 33. Nd5 d3 34. h3 d2 35. Ne3 d1Q+ 36. Nxd1 Bxd1 37. Kg1 Kf6 38. Kf2 Bc2 39. Ke3 Ke5 0-1

[Event "TUR-chT 1st League"]
[Site "Konya"]
[Date "2019.07.26"]
[Round "7.8"]
[White "Tanir, Simay"]
[Black "Yilmaz, Duygu Sila"]
[Result "0-1"]
[WhiteElo "1463"]
[BlackElo "1506"]
[PlyCount "94"]
[EventDate "2019.07.22"]
[EventType "team-swiss"]
[EventRounds "9"]
[EventCountry "TUR"]
[SourceTitle "CBM 191 Extra"]
[Source "ChessBase"]
[SourceDate "2019.09.30"]
[SourceVersion "1"]
[SourceVersionDate "2019.09.30"]
[SourceQuality "1"]
[WhiteTeam "Burdurspor Dernegi"]
[BlackTeam "Istanbul Teknik Uni"]
[WhiteTeamCountry "TUR"]
[BlackTeamCountry "TUR"]

1. d4 d5 2. c4 e6 3. Nc3 Nf6 4. cxd5 exd5 5. Bg5 c6 6. Qc2 Nbd7 7. e3 Be7 8. Bd3 b6 9. Nf3 h6 10. Bf4 Bb7 11. Bf5 Rc8 12. Ne5 a6 13. Be6 0-0 14. Bh3 Re8 15. 0-0 c5 16. Qa4 b5 17. Nxb5 axb5 18. Qxb5 Nxe5 19. Bxc8 Qxc8 20. dxe5 Nh5 21. Rfd1 Bf8 22. a4 g5 23. Bg3 Nxg3 24. hxg3 Rxe5 25. b3 Bc6 26. Qd3 Qb7 27. a5 Re8 28. a6 Qb6 29. g4 Rd8 30. a7 Bb7 31. e4 d4 32. Rd2 Qc6 33. f3 Bd6 34. Rda2 Ra8 35. Kh1 Bc7 36. Ra4 Qd6 37. Kg1 Qd7 38. b4 Bc6 39. R4a2 Bb5 40. Qd1 c4 41. Rd2 Bb6 42. Kh1 Rxa7 43. Rxa7 Bxa7 44. g3 d3 45. f4 Bd4 46. f5 Qe7 47. Ra2 Qxe4+ 0-1

[Event "TUR-chT 1st League"]
[Site "Konya"]
[Date "2019.07.23"]
[Round "2.9"]
[White "Yilmaz, Duygu Sila"]
[Black "Celik, Akarsu Bengi"]
[Result "0-1"]
[WhiteElo "1506"]
[BlackElo "1525"]
[PlyCount "120"]
[EventDate "2019.07.22"]
[EventType "team-swiss"]
[EventRounds "9"]
[EventCountry "TUR"]
[SourceTitle "CBM 191 Extra"]
[Source "ChessBase"]
[SourceDate "2019.09.30"]
[SourceVersion "1"]
[SourceVersionDate "2019.09.30"]
[SourceQuality "1"]
[WhiteTeam "Istanbul Teknik Uni"]
[BlackTeam "Karsiyaka Ihtisas"]
[WhiteTeamCountry "TUR"]
[BlackTeamCountry "TUR"]

1. e4 c5 2. Nf3 g6 3. d4 cxd4 4. Nxd4 Bg7 5. Be3 Nc6 6. Nc3 Nf6 7. f3 0-0 8. Qd2 d5 9. Nxc6 bxc6 10. 0-0-0 e6 11. Bh6 Bb7 12. exd5 cxd5 13. h4 Rc8 14. Bxg7 Kxg7 15. Qd4 Qb6 16. Nb5 Qxd4 17. Rxd4 Ra8 18. Ra4 Bc6 19. Ra6 Bxb5 20. Bxb5 Rfc8 21. Rd1 Rab8 22. Ba4 Rc7 23. Rd3 Nd7 24. Rb3 Rbc8 25. Bxd7 Rxd7 26. Ra4 e5 27. Rd3 Rdc7 28. c3 d4 29. Kd2 Rb8 30. b3 dxc3+ 31. Rxc3 Rd8+ 32. Kc2 Rcd7 33. Kb1 h5 34. Ra5 Re8 35. Rac5 e4 36. fxe4 Rxe4 37. R5c4 Re1+ 38. Rc1 Re2 39. R1c2 Rxc2 40. Rxc2 Rd4 41. Rc4 Rxc4 42. bxc4 Kf6 43. Kc2 Ke5 44. Kd3 f6 45. Ke3 a5 46. a4 g5 47. g3 gxh4 48. gxh4 f5 49. c5 Kd5 50. Kf4 Kxc5 51. Kxf5 Kb4 52. Kg5 Kxa4 53. Kxh5 Kb3 54. Kg6 a4 55. h5 a3 56. h6 a2 57. h7 a1Q 58. Kf7 Qh8 59. Kg6 Kc4 60. Kh6 Kd5 0-1

[Event "TUR-chT 1st League"]
[Site "Konya"]
[Date "2018.07.20"]
[Round "7.2"]
[White "Yilmaz, Duygu Sila"]
[Black "Citak, Tuana Umay"]
[Result "0-1"]
[WhiteElo "1341"]
[BlackElo "1687"]
[PlyCount "98"]
[EventDate "2018.07.16"]
[EventType "team-swiss"]
[EventRounds "9"]
[EventCountry "TUR"]
[SourceTitle "EXT 2019"]
[Source "ChessBase"]
[SourceDate "2018.10.10"]
[SourceVersion "1"]
[SourceVersionDate "2018.10.10"]
[SourceQuality "1"]
[WhiteTeam "Istanbul Teknik Uni"]
[BlackTeam "Sertel Genclik"]
[WhiteTeamCountry "TUR"]
[BlackTeamCountry "TUR"]

1. e4 c5 2. Nf3 e6 3. d4 cxd4 4. Nxd4 Nf6 5. Nc3 Nc6 6. Ndb5 Bb4 7. a3 Bxc3+ 8. Nxc3 h6 9. Bc4 0-0 10. 0-0 Nxe4 11. Nxe4 d5 12. Bd3 dxe4 13. Bxe4 e5 14. Qf3 Bd7 15. Qh5 f5 16. Bd5+ Kh7 17. Rd1 Qe8 18. Qh4 Rd8 19. Bg5 Rc8 20. Rd3 Be6 21. Bxe6 Qxe6 22. Rad1 Qg6 23. Be7 Rfe8 24. Bc5 b6 25. Rd6 Re6 26. Rxe6 Qxe6 27. Be3 Rc7 28. Qa4 Rd7 29. c3 Rd6 30. Rd2 Qd7 31. Rxd6 Qxd6 32. Qc2 g6 33. Qd2 Qxd2 34. Bxd2 Kg7 35. Kf1 g5 36. Ke2 e4 37. f3 exf3+ 38. Kxf3 Ne5+ 39. Ke2 Kf6 40. h4 Kg6 41. hxg5 hxg5 42. Be3 Kf6 43. Bd4 Ke6 44. Bxe5 Kxe5 45. Ke3 f4+ 46. Kf3 Kf5 47. a4 g4+ 48. Kf2 Ke4 49. b4 Ke5 0-1

[Event "TUR-chT 1st League"]
[Site "Konya"]
[Date "2018.07.18"]
[Round "4.5"]
[White "Ince, Safiye Oyku"]
[Black "Yilmaz, Duygu Sila"]
[Result "1/2-1/2"]
[WhiteElo "1762"]
[BlackElo "1341"]
[PlyCount "162"]
[EventDate "2018.07.16"]
[EventType "team-swiss"]
[EventRounds "9"]
[EventCountry "TUR"]
[SourceTitle "EXT 2019"]
[Source "ChessBase"]
[SourceDate "2018.10.10"]
[SourceVersion "1"]
[SourceVersionDate "2018.10.10"]
[SourceQuality "1"]
[WhiteTeam "Ankara Dernegi"]
[BlackTeam "Istanbul Teknik Uni"]
[WhiteTeamCountry "TUR"]
[BlackTeamCountry "TUR"]

1. e4 e5 2. Nc3 Nf6 3. g3 d5 4. exd5 Nxd5 5. Bg2 Nxc3 6. bxc3 Bc5 7. Ne2 Nc6 8. Rb1 Qf6 9. 0-0 0-0 10. d3 Bb6 11. h3 Ne7 12. Ba3 Rd8 13. c4 c6 14. Nc3 Nf5 15. Ne4 Qg6 16. Kh2 Rb8 17. Bf3 Nd4 18. Bh5 Qf5 19. Bg4 Qg6 20. c3 Bxg4 21. hxg4 Ne6 22. Bd6 Bc7 23. Bxc7 Nxc7 24. c5 Ne6 25. Kg2 Rd5 26. c4 Rd7 27. Rb3 Rbd8 28. f3 Nd4 29. Ra3 Ne6 30. Rf2 h5 31. gxh5 Qxh5 32. Re2 Qg6 33. Re3 f5 34. Nf2 Nxc5 35. Rxe5 b6 36. Qd2 f4 37. Qxf4 Nxd3 38. Nxd3 Rxd3 39. Rxd3 Qxd3 40. Kh3 c5 41. Re4 Rf8 42. Qg4 Qxf3 43. Qe6+ Qf7 44. Qxf7+ Rxf7 45. Re8+ Kh7 46. Ra8 Kg6 47. Kg4 Rd7 48. Kf3 Kf5 49. Rf8+ Kg5 50. Ra8 Rd3+ 51. Ke4 Rd4+ 52. Ke5 Rxc4 53. Rxa7 Kg6 54. Ra6 Rb4 55. a4 Kg5 56. a5 bxa5 57. Rxa5 Rc4 58. Kd5 Rc3 59. Ra7 g6 60. Rc7 Kg4 61. Rg7 g5 62. Rg8 Rc1 63. Ke4 Rf1 64. Rc8 Rc1 65. Rg8 Rg1 66. Rc8 Rxg3 67. Rxc5 Rg1 68. Ke3 Kh4 69. Kf2 Rg4 70. Rc8 Rf4+ 71. Kg2 Kg4 72. Rh8 Rc4 73. Rg8 Rc2+ 74. Kg1 Rc5 75. Kg2 Kf4 76. Rf8+ Ke3 77. Kg3 Rc1 78. Re8+ Kd4 79. Kg4 Rg1+ 80. Kf3 Kd5 81. Kf2 Kd4 1/2-1/2

[Event "TUR-chT 1st League"]
[Site "Konya"]
[Date "2017.07.23"]
[Round "9.7"]
[White "Yilmaz, Duygu Sila"]
[Black "Temel, Burcu Melis"]
[Result "0-1"]
[WhiteElo "1355"]
[BlackElo "1846"]
[PlyCount "60"]
[EventDate "2017.07.17"]
[EventType "team-swiss"]
[EventRounds "9"]
[EventCountry "TUR"]
[SourceTitle "EXT 2018"]
[Source "ChessBase"]
[SourceDate "2017.10.13"]
[SourceVersion "1"]
[SourceVersionDate "2017.10.13"]
[SourceQuality "1"]
[WhiteTeam "Istanbul Teknik Uni"]
[BlackTeam "Mersi Sertel Genclik"]
[WhiteTeamCountry "TUR"]
[BlackTeamCountry "TUR"]

1. e4 c5 2. Nf3 e6 3. d4 cxd4 4. Nxd4 Nf6 5. Nc3 Nc6 6. Ndb5 d6 7. Bg5 a6 8. Bxf6 gxf6 9. Na3 b5 10. Ne2 Bb7 11. f3 Ne5 12. Nd4 Qa5+ 13. Qd2 Qb6 14. c4 b4 15. Nac2 Rc8 16. b3 a5 17. Nb5 Ba6 18. a4 bxa3 19. Ncxa3 d5 20. exd5 Bb4 21. Nc3 exd5 22. Nc2 d4 23. Nxb4 dxc3 24. Qa2 Qxb4 25. Qxa5 Qxa5 26. Rxa5 Bb7 27. Be2 0-0 28. 0-0 Nc6 29. Rb5 Nd4 30. Bd3 Nxb5 0-1

[Event "TUR-chT 1st League"]
[Site "Konya"]
[Date "2017.07.20"]
[Round "6.9"]
[White "Nesanir, Selin"]
[Black "Yilmaz, Duygu Sila"]
[Result "1/2-1/2"]
[WhiteElo "1506"]
[BlackElo "1355"]
[PlyCount "102"]
[EventDate "2017.07.17"]
[EventType "team-swiss"]
[EventRounds "9"]
[EventCountry "TUR"]
[SourceTitle "CBM 179 Extra"]
[Source "ChessBase"]
[SourceDate "2017.08.23"]
[SourceVersion "1"]
[SourceVersionDate "2017.08.23"]
[SourceQuality "1"]
[WhiteTeam "Hatay Samandag"]
[BlackTeam "Istanbul Teknik Uni"]
[WhiteTeamCountry "TUR"]
[BlackTeamCountry "TUR"]

1. e4 e5 2. Nf3 Nc6 3. Nc3 Nf6 4. d4 exd4 5. Nxd4 Bb4 6. Nxc6 bxc6 7. Bd3 0-0 8. 0-0 d5 9. exd5 cxd5 10. Bg5 c6 11. Na4 Qd6 12. h3 Re8 13. c3 Ba5 14. Bh4 Qf4 15. Bg3 Qg5 16. b4 Bd8 17. Re1 Be7 18. Qc1 Qxc1 19. Raxc1 Be6 20. Be5 Rad8 21. Bd4 Nh5 22. Nc5 Bxc5 23. Bxc5 Nf4 24. Ba6 Bc8 25. Bxc8 Rxc8 26. Bxa7 Ne2+ 27. Rxe2 Rxe2 28. Ra1 Ra8 29. Kf1 Rae8 30. Be3 Rc2 31. Bd4 Ree2 32. a4 Kf8 33. a5 Ra2 34. Rxa2 Rxa2 35. g3 f6 36. Kg2 Ke7 37. h4 Ke6 38. Kf3 h5 39. Kf4 g6 40. Bc5 Ra1 41. Bd4 Ra3 42. Kf3 Kf5 43. Ke3 g5 44. Kf3 Ra2 45. Bc5 g4+ 46. Ke3 Ra1 47. Bd4 Re1+ 48. Kd2 Re8 49. a6 Kg6 50. a7 Kf5 51. Be3 Ke4 1/2-1/2